[Event "Catalunya-ch Seniors 34th"]
[Site "Lloret del Mar"]
[Date "2018.05.24"]
[Round "6"]
[White "Lluverol Torrents, Salvador"]
[Black "Grau Brumos, Isidre"]
[Result "1/2-1/2"]
[WhiteElo "1938"]
[BlackElo "2065"]
[PlyCount "80"]
[EventDate "2018.05.19"]
[EventType "swiss"]
[EventRounds "9"]
[EventCountry "ESP"]
[SourceTitle "CBM 184 Extra"]
[Source "ChessBase"]
[SourceDate "2018.06.28"]
[SourceVersion "1"]
[SourceVersionDate "2018.06.28"]
[SourceQuality "1"]

1. d4 g6 2. c4 Bg7 3. Nc3 d6 4. e4 Nd7 5. Be3 a6 6. f3 c6 7. Bd3 e5 8. d5 c5 9. Nge2 h5 10. Qd2 Bh6 11. Bxh6 Nxh6 12. 0-0 Kf8 13. a4 a5 14. Nb5 Ra6 15. Kh1 Kg7 16. g3 h4 17. g4 f6 18. Rg1 Nf7 19. Raf1 Nf8 20. h3 Bd7 21. Kh2 Qe7 22. Rf2 Ra8 23. Bc2 b6 24. Bd3 Re8 25. Nbc3 Nh7 26. Nb5 Nhg5 27. Nbc3 Reg8 28. Nb5 Kf8 29. Nbc3 Ke8 30. Nb5 Qf8 31. Qc1 Ke7 32. Nbc3 Rh7 33. b3 Qh6 34. Bc2 f5 35. exf5 gxf5 36. Bxf5 Bxf5 37. gxf5 Qf6 38. f4 exf4 39. Rxf4 Ne5 40. Qe3 Rhg7 1/2-1/2

[Event "Catalunya-ch Seniors 34th"]
[Site "Lloret del Mar"]
[Date "2018.05.22"]
[Round "4"]
[White "Tejero Royo, Fermin"]
[Black "Grau Brumos, Isidre"]
[Result "1-0"]
[WhiteElo "1953"]
[BlackElo "2065"]
[PlyCount "77"]
[EventDate "2018.05.19"]
[EventType "swiss"]
[EventRounds "9"]
[EventCountry "ESP"]
[SourceTitle "CBM 184 Extra"]
[Source "ChessBase"]
[SourceDate "2018.06.28"]
[SourceVersion "1"]
[SourceVersionDate "2018.06.28"]
[SourceQuality "1"]

1. d4 Nf6 2. c4 e6 3. Nc3 d5 4. Bf4 c6 5. e3 Bb4 6. Bd3 dxc4 7. Bxc4 Nd5 8. Bxd5 exd5 9. Nge2 0-0 10. a3 Bd6 11. Bxd6 Qxd6 12. Nf4 Bf5 13. Qf3 Qf6 14. Nfxd5 cxd5 15. Nxd5 Qe6 16. Qxf5 Na6 17. Qxe6 fxe6 18. Nf4 Nc7 19. Rc1 Rf7 20. h4 Re8 21. 0-0 e5 22. dxe5 Rxe5 23. Rfd1 Re8 24. Rc4 g6 25. g3 a6 26. Kg2 Nb5 27. a4 Na7 28. Rd6 Nc6 29. Nd5 Re5 30. Nb4 Na5 31. Rc8+ Kg7 32. Nd3 Re4 33. b4 Nc6 34. b5 Ne7 35. Rc7 axb5 36. axb5 Nf5 37. Rxf7+ Kxf7 38. Rb6 Re7 39. Nc5 1-0

[Event "Catalunya-ch Seniors"]
[Site "Vila Seca"]
[Date "2017.05.26"]
[Round "7"]
[White "Fernandez Perez, Josep"]
[Black "Grau Brumos, Isidre"]
[Result "1-0"]
[WhiteElo "1957"]
[BlackElo "2032"]
[PlyCount "43"]
[EventDate "2017.05.20"]
[EventType "swiss"]
[EventRounds "9"]
[EventCountry "ESP"]
[SourceTitle "CBM 178 Extra"]
[Source "ChessBase"]
[SourceDate "2017.06.22"]
[SourceVersion "1"]
[SourceVersionDate "2017.06.22"]
[SourceQuality "1"]

1. d4 Nf6 2. Bf4 e6 3. e3 c5 4. c3 Nc6 5. Nf3 Nh5 6. Bg3 Nxg3 7. hxg3 b6 8. d5 exd5 9. Qxd5 Qe7 10. Na3 Bb7 11. 0-0-0 0-0-0 12. Bc4 Nd4 13. Ba6 Bxa6 14. Qa8+ Kc7 15. Qxa7+ Bb7 16. cxd4 Qf6 17. Nb5+ Kc8 18. d5 c4 19. d6 c3 20. bxc3 Qe6 21. Qxb6 Qc4 22. Rd5 1-0

[Event "Catalunya-ch Seniors"]
[Site "Vila Seca"]
[Date "2016.05.23"]
[Round "3"]
[White "Grau Brumos, Isidre"]
[Black "Franquet Escriba, Joan"]
[Result "1-0"]
[WhiteElo "2046"]
[BlackElo "2067"]
[PlyCount "51"]
[EventDate "2016.05.21"]
[EventType "swiss"]
[EventRounds "9"]
[EventCountry "ESP"]
[SourceTitle "CBM 172 Extra"]
[Source "ChessBase"]
[SourceDate "2016.06.21"]
[SourceVersion "1"]
[SourceVersionDate "2016.06.21"]
[SourceQuality "1"]

1. e4 c5 2. Nf3 e6 3. d4 cxd4 4. Nxd4 a6 5. c4 Nf6 6. Nc3 Bb4 7. Qf3 Nc6 8. Nxc6 dxc6 9. a3 Bxc3+ 10. Qxc3 Nxe4 11. Qxg7 Qf6 12. Qxf6 Nxf6 13. Bf4 Rg8 14. Be2 Bd7 15. Bf3 0-0-0 16. 0-0-0 Ng4 17. Bg3 f6 18. Rhe1 e5 19. h3 Nh6 20. Bh4 Rgf8 21. g4 Ng8 22. Be4 h6 23. Rd6 Rde8 24. Red1 Be6 25. Rxe6 Rxe6 26. Bf5 1-0

[Event "Catalunya-ch Seniors"]
[Site "Vila Seca"]
[Date "2016.05.21"]
[Round "1"]
[White "Grau Brumos, Isidre"]
[Black "Sanchez Esteban, Emilio"]
[Result "1-0"]
[WhiteElo "2046"]
[BlackElo "1846"]
[PlyCount "91"]
[EventDate "2016.05.21"]
[EventType "swiss"]
[EventRounds "9"]
[EventCountry "ESP"]
[SourceTitle "CBM 172 Extra"]
[Source "ChessBase"]
[SourceDate "2016.06.21"]
[SourceVersion "1"]
[SourceVersionDate "2016.06.21"]
[SourceQuality "1"]

1. d4 d5 2. Nf3 Nf6 3. g3 e6 4. Bg2 c5 5. 0-0 Nc6 6. b3 cxd4 7. Nxd4 e5 8. Nxc6 bxc6 9. c4 Be6 10. Bb2 Qc7 11. Qc2 Rc8 12. Nd2 e4 13. Rac1 Bd6 14. Qc3 Qe7 15. cxd5 Bxd5 16. Nc4 Bb4 17. Qe3 0-0 18. a3 Bc5 19. Qc3 Bxc4 20. bxc4 Rfd8 21. Rcd1 Qe6 22. e3 Qf5 23. Qa5 Rxd1 24. Rxd1 Qg4 25. Rd8+ Bf8 26. Rxc8 Qxc8 27. Qxa7 Qf5 28. Qb8 Nd7 29. Qc8 Qe6 30. a4 Qd6 31. Bxe4 c5 32. Kg2 Nb6 33. Qa6 Qb8 34. Bc3 Bd6 35. a5 Nc8 36. Qb5 Qc7 37. Qe8+ Bf8 38. Bd5 Nd6 39. Qa8 h6 40. a6 Nc8 41. Qb7 Bd6 42. Qb5 Na7 43. Qe8+ Bf8 44. Be5 Qe7 45. Qxe7 Bxe7 46. Bb8 1-0

[Event "Catalunya-ch Seniors 31st"]
[Site "Santa Susanna"]
[Date "2015.05.30"]
[Round "8"]
[White "Grau Brumos, Isidre"]
[Black "Basas Gamazo, Josep"]
[Result "0-1"]
[WhiteElo "2196"]
[BlackElo "2067"]
[PlyCount "118"]
[EventDate "2015.05.23"]
[EventType "swiss"]
[EventRounds "9"]
[EventCountry "CAT"]
[SourceTitle "CBM 166 Extra"]
[Source "ChessBase"]
[SourceDate "2015.06.18"]
[SourceVersion "1"]
[SourceVersionDate "2015.06.18"]
[SourceQuality "1"]

1. e4 c5 2. Nf3 d6 3. d4 cxd4 4. Nxd4 Nf6 5. Nc3 a6 6. Be2 e5 7. Nb3 Be7 8. Be3 Be6 9. Qd2 0-0 10. 0-0-0 Nbd7 11. f3 b5 12. g4 Nb6 13. g5 Nfd7 14. Nd5 Nxd5 15. exd5 Bf5 16. Na5 Qc7 17. Nc6 Nb8 18. Bb6 Qb7 19. Nxe7+ Qxe7 20. h4 Nd7 21. Be3 Rfc8 22. Bd3 Bxd3 23. Qxd3 Nc5 24. Bxc5 Rxc5 25. Rhe1 Rac8 26. Rd2 Qc7 27. h5 Qa5 28. Re4 Qxa2 29. c3 a5 30. Kd1 Qa1+ 31. Ke2 Qg1 32. Rg4 Qh2+ 33. Kf1 Qxh5 34. Qf5 Qg6 35. Qd7 b4 36. c4 R5c7 37. Qb5 Qf5 38. Kg2 Rc5 39. Qa4 f6 40. gxf6 Qxf6 41. Qc2 Rf8 42. Rf2 Qf5 43. Qd2 Rc7 44. b3 Rcf7 45. Rg5 Qf4 46. Qxf4 Rxf4 47. c5 h6 48. Rg6 dxc5 49. Rc6 e4 50. Rxc5 e3 51. Rf1 Rd4 52. Rxa5 Rd2+ 53. Kg3 Re8 54. Rb5 Re5 55. Re1 Rg5+ 56. Kf4 Rgxd5 57. Rxb4 g5+ 58. Kxe3 Rb2 59. Rb7 Re5+ 0-1

[Event "Benidorm op U2300 12th"]
[Site "Benidorm"]
[Date "2013.12.06"]
[Round "9"]
[White "Mascarell Canet, Ricardo"]
[Black "Grau Brumos, Isidre"]
[Result "1-0"]
[WhiteElo "1977"]
[BlackElo "2109"]
[PlyCount "33"]
[EventDate "2013.11.29"]
[EventType "swiss"]
[EventRounds "10"]
[EventCountry "ESP"]
[SourceTitle "CBM 157 Extra"]
[Source "ChessBase"]
[SourceDate "2013.12.19"]
[SourceVersion "1"]
[SourceVersionDate "2013.12.19"]
[SourceQuality "1"]

1. e4 d6 2. g3 c5 3. Bg2 Nc6 4. b3 e5 5. Bb2 h5 6. Nf3 Be7 7. a4 h4 8. Na3 Be6 9. Nc4 Qd7 10. c3 f5 11. d3 0-0-0 12. exf5 Bxf5 13. Ne3 Be6 14. d4 Bh3 15. Bxh3 Qxh3 16. d5 Nb8 17. g4 1-0

[Event "Benidorm op U2300 12th"]
[Site "Benidorm"]
[Date "2013.11.29"]
[Round "1"]
[White "Garcia Esteban, Ignacio"]
[Black "Grau Brumos, Isidre"]
[Result "1/2-1/2"]
[WhiteElo "1874"]
[BlackElo "2109"]
[PlyCount "52"]
[EventDate "2013.11.29"]
[EventType "swiss"]
[EventRounds "10"]
[EventCountry "ESP"]
[SourceTitle "CBM 157 Extra"]
[Source "ChessBase"]
[SourceDate "2013.12.19"]
[SourceVersion "1"]
[SourceVersionDate "2013.12.19"]
[SourceQuality "1"]

1. e4 d6 2. d4 Nf6 3. Nc3 g6 4. h3 Bg7 5. Bg5 c5 6. Nf3 cxd4 7. Nxd4 Qa5 8. Bd2 Nxe4 9. Bb5+ Bd7 10. Nxe4 Qb6 11. Bxd7+ Nxd7 12. Bc3 d5 13. Ng3 e5 14. Nb3 d4 15. Ba5 Qc6 16. 0-0 b6 17. Bd2 f5 18. Qe2 0-0 19. c3 Rfe8 20. Rac1 dxc3 21. Bxc3 Qa4 22. Rfd1 Nf8 23. Ra1 Ne6 24. Qe1 Qc6 25. Rac1 Qa4 26. Ra1 Qc6 1/2-1/2

[Event "Catalunya-ch Seniors"]
[Site "Santa Susanna"]
[Date "2013.05.10"]
[Round "7"]
[White "Bollero Romera, Alfonso"]
[Black "Grau Brumos, Isidre"]
[Result "1-0"]
[WhiteElo "2014"]
[BlackElo "2123"]
[PlyCount "87"]
[EventDate "2013.05.04"]
[EventType "swiss"]
[EventRounds "9"]
[EventCountry "ESP"]
[SourceTitle "CBM 154 Extra"]
[Source "ChessBase"]
[SourceDate "2013.06.25"]
[SourceVersion "2"]
[SourceVersionDate "2013.06.25"]
[SourceQuality "1"]

1. d4 Nf6 2. c4 e6 3. Nc3 d5 4. Nf3 c6 5. Bg5 Nbd7 6. e3 Qa5 7. Bxf6 Nxf6 8. Nd2 a6 9. Be2 Bd6 10. 0-0 0-0 11. c5 Be7 12. a3 b5 13. cxb6 Qxb6 14. Na4 Qa7 15. Qc2 Bb7 16. Nb3 Nd7 17. Rfc1 e5 18. Nac5 Nxc5 19. Nxc5 exd4 20. exd4 Bc8 21. h3 Bf6 22. Rd1 Re8 23. Bf3 g6 24. Qc3 Rb8 25. Re1 Bd7 26. Bg4 Bxg4 27. hxg4 Red8 28. b4 a5 29. Red1 Rb5 30. bxa5 Rxa5 31. Nb7 Qxb7 32. Qxa5 Ra8 33. Qc3 Qd7 34. a4 c5 35. Qxc5 Rxa4 36. Rxa4 Qxa4 37. Rb1 Bxd4 38. Rb8+ Kg7 39. Qf8+ Kf6 40. Qd6+ Kg7 41. g3 Qa1+ 42. Kg2 Qe1 43. Qf8+ Kf6 44. Qh8+ 1-0

[Event "ESP-ch Seniors 28th"]
[Site "Santa Susanna"]
[Date "2012.05.11"]
[Round "1"]
[White "Lazaro Porta, Angel"]
[Black "Grau Brumos, Isidre"]
[Result "0-1"]
[WhiteElo "1926"]
[BlackElo "2168"]
[PlyCount "82"]
[EventDate "2012.05.11"]
[EventType "swiss"]
[EventRounds "9"]
[EventCountry "ESP"]
[SourceTitle "CBM 148 Extra"]
[Source "ChessBase"]
[SourceDate "2012.06.22"]
[SourceVersion "1"]
[SourceVersionDate "2012.06.22"]
[SourceQuality "1"]

1. c4 Nf6 2. Nc3 g6 3. d4 Bg7 4. e4 d6 5. Nf3 c6 6. Be2 Bg4 7. h3 Bxf3 8. Bxf3 Nbd7 9. Be3 Qc7 10. Rc1 h5 11. g3 e5 12. d5 c5 13. Nb5 Qb8 14. Rb1 a6 15. Nc3 a5 16. 0-0 0-0 17. Qc2 Nh7 18. Rbe1 Qd8 19. Qd2 Qf6 20. Bg2 g5 21. f4 exf4 22. gxf4 gxf4 23. Bxf4 Ne5 24. Be3 Qg6 25. b3 Kh8 26. Rf5 Rg8 27. Kh1 Bf6 28. Rg1 Bg5 29. Ne2 Rg7 30. Nf4 Bxf4 31. Bxf4 Nf3 32. Qb2 Nxg1 33. Kxg1 Rag8 34. Kf1 f6 35. Bxd6 Qxg2+ 36. Qxg2 Rxg2 37. Bxc5 Rxa2 38. Rxh5 Rg3 39. Bd4 Rf3+ 40. Ke1 Rxb3 41. d6 Rb1# 0-1

[Event "ESP-ch Seniors 27th"]
[Site "Santa Susanna"]
[Date "2011.05.21"]
[Round "9"]
[White "Grau Brumos, Isidre"]
[Black "Duran Vallverdu, Juan"]
[Result "1-0"]
[WhiteElo "2149"]
[BlackElo "1984"]
[PlyCount "77"]
[EventDate "2011.05.13"]
[EventType "swiss"]
[EventRounds "9"]
[EventCountry "ESP"]
[SourceTitle "CBM 142 Extra"]
[Source "ChessBase"]
[SourceDate "2011.06.27"]
[SourceVersion "1"]
[SourceVersionDate "2011.06.27"]
[SourceQuality "1"]

1. d4 Nf6 2. Nf3 d5 3. g3 g6 4. Bg2 Bg7 5. c4 c6 6. 0-0 0-0 7. Nc3 Nbd7 8. b3 Re8 9. Bb2 dxc4 10. bxc4 Nb6 11. Qd3 Be6 12. Nd2 Qd7 13. e4 Ng4 14. d5 cxd5 15. cxd5 Ne5 16. Qe2 Bh3 17. Rfc1 Bxg2 18. Kxg2 Rac8 19. Rab1 Nec4 20. Nxc4 Rxc4 21. Nd1 Rec8 22. Rxc4 Rxc4 23. Bxg7 Qa4 24. Qb2 Rc2 25. Qd4 Qxa2 26. Bh6 f6 27. Qb4 Kf7 28. Be3 Nc4 29. Bd4 Rd2 30. Nc3 Qa6 31. Nb5 Qa2 32. Nc3 Qa6 33. Bc5 b6 34. Nb5 Qa2 35. Bd4 Qc2 36. Re1 Ne5 37. Qc3 Nd3 38. Rf1 Qa2 39. Be3 1-0

[Event "ESP-ch Seniors 27th"]
[Site "Santa Susanna"]
[Date "2011.05.13"]
[Round "1"]
[White "Grau Brumos, Isidre"]
[Black "Bayarri Ponsa, Eduard"]
[Result "1-0"]
[WhiteElo "2149"]
[BlackElo "1905"]
[PlyCount "47"]
[EventDate "2011.05.13"]
[EventType "swiss"]
[EventRounds "9"]
[EventCountry "ESP"]
[SourceTitle "CBM 142 Extra"]
[Source "ChessBase"]
[SourceDate "2011.06.27"]
[SourceVersion "1"]
[SourceVersionDate "2011.06.27"]
[SourceQuality "1"]

1. d4 d5 2. Nf3 c6 3. c4 Nf6 4. g3 e6 5. Bg2 Nbd7 6. Nc3 Bd6 7. 0-0 0-0 8. e4 Nxe4 9. Nxe4 dxe4 10. Ng5 Nf6 11. Qe2 e5 12. dxe5 Bxe5 13. Nxe4 Bf5 14. Bg5 h6 15. Rad1 Qb6 16. Nxf6+ Bxf6 17. Bxf6 gxf6 18. Qh5 Bg6 19. Qxh6 Qxb2 20. f4 Rad8 21. Rxd8 Rxd8 22. f5 Bxf5 23. Rxf5 Rd1+ 24. Bf1 1-0

[Event "Catalunya-ch Seniors qual"]
[Site "Llinars del Valles"]
[Date "2010.03.24"]
[Round "3.1"]
[White "Rosas Ventura, Salvador"]
[Black "Grau Brumos, Isidre"]
[Result "0-1"]
[WhiteElo "1762"]
[BlackElo "2138"]
[PlyCount "94"]
[EventDate "2010.03.10"]
[EventType "tourn"]
[EventRounds "5"]
[EventCountry "ESP"]
[SourceTitle "EXT 2024"]
[Source "ChessBase"]
[SourceDate "2023.10.10"]
[SourceVersion "1"]
[SourceVersionDate "2023.10.10"]
[SourceQuality "1"]

1. e4 Nf6 2. Nc3 d6 3. h3 c5 4. Bc4 Nc6 5. Nf3 a6 6. a4 g6 7. Ng5 e6 8. d3 Bg7 9. 0-0 h6 10. Nf3 0-0 11. Be3 d5 12. exd5 exd5 13. Bxc5 dxc4 14. Bxf8 Qxf8 15. dxc4 Be6 16. Nd5 Rd8 17. c3 Nxd5 18. cxd5 Bxd5 19. Re1 Qc5 20. Qd3 Be6 21. Qe3 Qxe3 22. fxe3 Re8 23. Nd4 Bd5 24. Nxc6 bxc6 25. Rac1 Bb3 26. a5 Re5 27. Ra1 Bf8 28. g4 Bc5 29. Kf2 h5 30. Kf3 Kg7 31. Rac1 Kf6 32. e4 hxg4+ 33. hxg4 Kg5 34. Re2 Be7 35. Ra1 Kf6 36. Rd2 Ke6 37. Rh2 Bf6 38. Ra3 Rb5 39. Rh1 Ke5 40. Rc1 Bg5 41. c4 Rb4 42. Rc3 Bd1+ 43. Kg3 Bf4+ 44. Kh4 Rxb2 45. c5 Rh2+ 46. Rh3 Rg2 47. Rad3 Rxg4# 0-1

[Event "ESP-ch Veterans"]
[Site "Sabadell"]
[Date "2009.12.15"]
[Round "4"]
[White "Grau Brumos, Isidre"]
[Black "Garcia Molina, Pablo"]
[Result "0-1"]
[WhiteElo "2117"]
[BlackElo "2022"]
[PlyCount "69"]
[EventDate "2009.12.12"]
[EventType "swiss"]
[EventRounds "7"]
[EventCountry "ESP"]
[SourceTitle "CBM 133 Extra"]
[Source "ChessBase"]
[SourceDate "2010.01.05"]
[SourceVersion "1"]
[SourceVersionDate "2010.01.05"]
[SourceQuality "1"]

1. f4 Nf6 2. Nf3 d6 3. d4 g6 4. Nbd2 Bg7 5. e4 0-0 6. Bd3 c5 7. c3 Nc6 8. d5 Nb8 9. 0-0 Bg4 10. a4 Qc7 11. Nc4 Nbd7 12. h3 Bxf3 13. Qxf3 Nb6 14. Na3 c4 15. Nb5 Qd8 16. Be2 a5 17. Be3 Nfd7 18. Bd4 Rc8 19. Na3 Nc5 20. Qe3 Bxd4 21. cxd4 Ncxa4 22. Qc1 f5 23. Nxc4 Nxc4 24. Bxc4 b5 25. Rxa4 bxa4 26. Rf3 fxe4 27. Rc3 Qb6 28. Qd2 Qb4 29. Qc1 Rc7 30. f5 Rxf5 31. Kh2 Rf8 32. h4 Rf2 33. Rg3 Qxc4 34. Rc3 Qe2 35. Kg3 0-1

[Event "Catalunya-ch Seniors"]
[Site "Vila Seca"]
[Date "2008.05.16"]
[Round "?"]
[White "Buxade Roca, Guillermo"]
[Black "Grau Brumos, Isidre"]
[Result "1-0"]
[WhiteElo "2199"]
[BlackElo "2162"]
[PlyCount "84"]
[EventDate "2008.05.08"]
[EventType "tourn"]
[EventRounds "9"]
[EventCountry "ESP"]
[SourceTitle "EXT 2019"]
[Source "ChessBase"]
[SourceDate "2018.10.10"]
[SourceVersion "1"]
[SourceVersionDate "2018.10.10"]
[SourceQuality "1"]

1. d4 Nf6 2. c4 e6 3. Nc3 Bb4 4. Nf3 c5 5. Bd2 cxd4 6. Nxd4 Nc6 7. Nc2 Be7 8. Bg5 Qa5 9. Qd2 0-0 10. a3 h6 11. Bf4 a6 12. e3 Ne8 13. Be2 f5 14. Bg3 Bf6 15. b4 Qd8 16. Rd1 g6 17. c5 Qe7 18. 0-0 Bxc3 19. Qxc3 e5 20. Bc4+ Kh7 21. Rfe1 d6 22. cxd6 Nxd6 23. Bd5 Nb5 24. Qb2 Re8 25. f3 Bd7 26. e4 f4 27. Bf2 Rac8 28. a4 Nc7 29. Bc4 Ne6 30. Bf1 Qg7 31. b5 axb5 32. axb5 Nb8 33. Nb4 Nc5 34. Nd5 Be6 35. Qb4 Nbd7 36. Rd2 Qf8 37. Red1 b6 38. Ra1 Bxd5 39. Rxd5 Ra8 40. Ra6 Qe7 41. Qd2 Nf6 42. Bxc5 bxc5 1-0

[Event "Catalunya-ch Seniors"]
[Site "Vila Seca"]
[Date "2008.05.12"]
[Round "?"]
[White "Lazaro Porta, Angel"]
[Black "Grau Brumos, Isidre"]
[Result "1/2-1/2"]
[WhiteElo "2035"]
[BlackElo "2162"]
[PlyCount "38"]
[EventDate "2008.05.08"]
[EventType "tourn"]
[EventRounds "9"]
[EventCountry "ESP"]
[SourceTitle "EXT 2019"]
[Source "ChessBase"]
[SourceDate "2018.10.10"]
[SourceVersion "1"]
[SourceVersionDate "2018.10.10"]
[SourceQuality "1"]

1. d4 Nf6 2. c4 e6 3. Nf3 d5 4. Nc3 c6 5. e3 Nbd7 6. Qc2 a6 7. Bd3 dxc4 8. Bxc4 b5 9. Be2 Bb7 10. 0-0 c5 11. Rd1 Rc8 12. a3 cxd4 13. Nxd4 Nd5 14. Bd2 Bc5 15. Be1 0-0 16. Nb3 Qg5 17. Bf1 Ne5 18. Nxd5 Nf3+ 19. Kh1 Qh5 1/2-1/2

[Event "Catalunya-ch Seniors"]
[Site "Vila Seca"]
[Date "2008.05.10"]
[Round "?"]
[White "Anguera Maestro, Jaime"]
[Black "Grau Brumos, Isidre"]
[Result "1-0"]
[WhiteElo "2223"]
[BlackElo "2162"]
[PlyCount "85"]
[EventDate "2008.05.08"]
[EventType "tourn"]
[EventRounds "9"]
[EventCountry "ESP"]
[SourceTitle "EXT 2019"]
[Source "ChessBase"]
[SourceDate "2018.10.10"]
[SourceVersion "1"]
[SourceVersionDate "2018.10.10"]
[SourceQuality "1"]

1. d4 e6 2. Nf3 f5 3. g3 Nf6 4. Bg2 d5 5. 0-0 Bd6 6. c4 c6 7. b3 0-0 8. Bb2 Ne4 9. Ne5 Nd7 10. e3 Qf6 11. f4 Qe7 12. Nd2 Ndf6 13. Qe2 Bd7 14. Nxe4 Nxe4 15. Nxd7 Qxd7 16. Bxe4 fxe4 17. a4 b6 18. Rfc1 Be7 19. Ba3 Rfc8 20. Bxe7 Qxe7 21. c5 Qb7 22. Rab1 b5 23. axb5 cxb5 24. b4 Rc6 25. Ra1 a6 26. Ra5 Ra7 27. Qh5 Qb8 28. Rca1 g6 29. Qg5 Kf7 30. Qe5 Qa8 31. g4 Rc8 32. Kh1 Qc6 33. f5 Re8 34. fxg6+ hxg6 35. Rf1+ Kg8 36. Rf6 Rg7 37. Qg5 Kh7 38. Ra1 Qb7 39. Raf1 Qe7 40. Qh4+ Kg8 41. Qh6 g5 42. Qh5 e5 43. Rh6 1-0

[Event "Catalunya-ch Seniors"]
[Site "Andorra"]
[Date "2006.07.26"]
[Round "9"]
[White "Grau Brumos, Isidre"]
[Black "Tejero Royo, Fermin"]
[Result "1/2-1/2"]
[WhiteElo "2122"]
[BlackElo "2163"]
[PlyCount "93"]
[EventDate "2006.07.18"]
[EventType "swiss"]
[EventRounds "9"]
[EventCountry "ESP"]
[SourceTitle "EXT 2019"]
[Source "ChessBase"]
[SourceDate "2018.10.10"]
[SourceVersion "1"]
[SourceVersionDate "2018.10.10"]
[SourceQuality "1"]

1. Nf3 d5 2. d4 c6 3. c4 Nf6 4. g3 e6 5. Bg2 Bd6 6. 0-0 0-0 7. b3 Nbd7 8. Bb2 Re8 9. Nbd2 Ne4 10. Nxe4 dxe4 11. Ne1 f5 12. Qd2 e5 13. d5 Qe7 14. dxc6 bxc6 15. Nc2 Nf6 16. Rad1 Bc7 17. Qc3 a5 18. e3 Be6 19. Ba3 c5 20. f4 exf3 21. Bxf3 e4 22. Be2 h5 23. Nd4 cxd4 24. Qc1 Qf7 25. exd4 h4 26. d5 hxg3 27. dxe6 gxh2+ 28. Kh1 Qxe6 29. c5 Kh8 30. Qg5 f4 31. Qh4+ Nh7 32. Bc4 Qg6 33. Rd7 f3 34. Qf2 Qg3 35. Bb2 Nf6 36. Rxc7 Qxc7 37. Qh4+ Nh7 38. Bd5 Rad8 39. Bxe4 Rxe4 40. Qxe4 Qxc5 41. Qxf3 Rf8 42. Qg2 Rxf1+ 43. Qxf1 Ng5 44. Qg2 Qf5 45. Qxh2+ Kg8 46. Qb8+ Kh7 47. Qh2+ 1/2-1/2

[Event "Catalunya-ch Seniors"]
[Site "Andorra"]
[Date "2006.07.25"]
[Round "8"]
[White "Simon Padros, Emili"]
[Black "Grau Brumos, Isidre"]
[Result "1/2-1/2"]
[WhiteElo "2249"]
[BlackElo "2122"]
[PlyCount "79"]
[EventDate "2006.07.18"]
[EventType "swiss"]
[EventRounds "9"]
[EventCountry "ESP"]
[SourceTitle "EXT 2019"]
[Source "ChessBase"]
[SourceDate "2018.10.10"]
[SourceVersion "1"]
[SourceVersionDate "2018.10.10"]
[SourceQuality "1"]

1. e4 e5 2. Nf3 Nf6 3. Nxe5 d6 4. Nf3 Nxe4 5. Nc3 Nxc3 6. dxc3 Bg4 7. h3 Be6 8. Be3 Be7 9. Qd2 Nc6 10. 0-0-0 Bf6 11. Kb1 a6 12. Ng5 Bxg5 13. Bxg5 Qd7 14. f4 f6 15. Bh4 0-0-0 16. Be2 Kb8 17. Bf2 Ne7 18. Bf3 Rhe8 19. Rhe1 Nc6 20. b3 Bf7 21. Bg4 f5 22. Bf3 Rxe1 23. Rxe1 Re8 24. Rd1 g6 25. c4 Rd8 26. Qc3 Qe8 27. Bh4 Rc8 28. Re1 Qd7 29. Qg7 Be8 30. Qf6 h5 31. Bd5 Qh7 32. Bf2 Bd7 33. g3 Qh8 34. Qxh8 Rxh8 35. Bf7 Rh6 36. Be8 Kc8 37. Bf7 Nd8 38. Bd5 c6 39. Bf3 Ne6 40. h4 1/2-1/2

[Event "Catalunya-ch Seniors"]
[Site "Andorra"]
[Date "2006.07.19"]
[Round "2"]
[White "Tey Gali, Josep M"]
[Black "Grau Brumos, Isidre"]
[Result "0-1"]
[WhiteElo "2008"]
[BlackElo "2122"]
[PlyCount "58"]
[EventDate "2006.07.18"]
[EventType "swiss"]
[EventRounds "9"]
[EventCountry "ESP"]
[SourceTitle "EXT 2019"]
[Source "ChessBase"]
[SourceDate "2018.10.10"]
[SourceVersion "1"]
[SourceVersionDate "2018.10.10"]
[SourceQuality "1"]

1. e4 e5 2. Nf3 f5 3. Bc4 Nc6 4. d3 Be7 5. Nc3 d6 6. Nd5 Nf6 7. Nxe7 Nxe7 8. Ng5 d5 9. exd5 Nexd5 10. Qf3 c6 11. Qe2 0-0 12. 0-0 h6 13. Nf3 e4 14. Ne5 Kh7 15. d4 c5 16. c3 a6 17. a4 cxd4 18. cxd4 Qe7 19. Bd2 Be6 20. Rfc1 Rad8 21. g3 Rfe8 22. Rcb1 Nb6 23. Bxe6 Qxe6 24. a5 Nbd5 25. b4 f4 26. gxf4 Qf5 27. Rb3 Nxf4 28. Bxf4 Qxf4 29. Qe3 Nd5 0-1